000 00497nam a2200181Ia 4500
003 OSt
005 20240506124315.0
008 210210b1949 xxu||||| |||| 00| 0 eng d
040 _cAL
041 _akan
082 _a859/23
100 _aANANTA NARAYANA (S)
_924278
_dಅನಂತ ನಾರಾಯಣ (ಎಸ್)
245 _aAlada Hu
_bಆಲದ ಹೂವು
260 _aBengaluru
_bSharada Prakatanalalya
_c1949
690 _aKannada Fiction
_924281
906 _a020809
942 _2ddc
_cBK
999 _c144967
_d144967